Music Quiz

Random Music or Song Quiz

Dictionary Proximity: 80's Music Edition Quiz Stats

 Plays Quiz Updated Oct 21, 2016

Challenge
Share
Tweet
Score 0/30 Timer 06:00
4 Plays Today
Proximity Title Actual Title % Correct
JumboJump
86.4%
Likeable Aardvark VirginiaLike A Virgin
85%
Billiards JealousyBillie Jean
83.9%
Girth, Girth, GirthGirls, Girls, Girls
83.6%
Walkabout Thirty WaxyWalk This Way
82.1%
Timid Afterbirth TimidTime After Time
80.8%
Jest GirlieJessie's Girl
76%
Whither WebwormWhite Wedding
75%
Bacon Inability BlabbermouthBack In Black
74.9%
Witful Oracle Withinside YottahertzWith Or Without You
73.8%
Parade CitternParadise City
73.8%
Whelp Douse CrybabyWhen Doves Cry
71.6%
Wales Lilac Ana EgretWalk Like An Egyptian
71.2%
HysterectomyHysteria
67.2%
Wept Nosy Gonococcus Takeaway ItaliaWe're Not Gonna Take It
65.9%
Proximity Title Actual Title % Correct
Taipei LowTainted Love
64.7%
Creak TrailsideCrazy Train
64.6%
Anxious Waybill Young Wannabe ItaliaAny Way You Want It
64.4%
Cheroot PieceCherry Pie
62.8%
Badass MedickBad Medicine
60.7%
Herdsman Iambic Gnu AgainstHere I Go Again
59.7%
Roulette Andes RouletteRound And Round
58%
Needle Young TonicNeed You Tonight
57.4%
LeftyLegs
56.3%
Wilco ThinkWild Thing
55%
Bludgeon MondaleBlue Monday
49.3%
Licorice Italia UnzipLick It Up
48.4%
NatalNasty
48.1%
Myalgia PrerequisiteMy Prerogative
47.5%
Unskillful BoozerUnskinny Bop
36.6%

You're not logged in!

Compare scores with friends on all Sporcle quizzes.
OR
Log In

You Might Also Like...

Show Comments

Extras

Top Quizzes Today


Score Distribution

Your Account Isn't Verified!

In order to create a playlist on Sporcle, you need to verify the email address you used during registration. Go to your Sporcle Settings to finish the process.

Report this User

Report this user for behavior that violates our Community Guidelines.

Details: